[Event "NOR-ch Klasse2"]
[Site "Stavanger"]
[Date "2017.07.03"]
[Round "3"]
[White "Gressli, Kristoffer"]
[Black "Sundsbo, Sigve"]
[Result "1-0"]
[WhiteElo "1764"]
[BlackElo "1735"]
[PlyCount "59"]
[EventDate "2017.07.01"]
[EventType "swiss"]
[EventRounds "9"]
[EventCountry "NOR"]
[SourceTitle "EXT 2018"]
[Source "ChessBase"]
[SourceDate "2017.10.13"]
[SourceVersion "1"]
[SourceVersionDate "2017.10.13"]
[SourceQuality "1"]

1. d4 e6 2. Nf3 Nf6 3. Bf4 b6 4. e3 Bb7 5. Nbd2 Be7 6. Bd3 Nh5 7. Bg3 d6 8. c3 Nd7 9. Qc2 g6 10. 0-0-0 c5 11. Ne1 Qc7 12. f4 Nxg3 13. hxg3 Nf6 14. Nef3 Ng4 15. Rde1 0-0-0 16. Re2 Kb8 17. e4 cxd4 18. Nxd4 d5 19. e5 h5 20. Bxg6 fxg6 21. Nxe6 Qc6 22. Nxd8 Rxd8 23. Nf3 Bc5 24. e6 Be3+ 25. Kb1 Qxe6 26. Rhe1 d4 27. Ng5 Qf6 28. cxd4 Qxd4 29. Ne6 Qb4 30. Qc7+ 1-0

[Event "Stjernen CC-ch A"]
[Site "Oslo"]
[Date "2017.04.18"]
[Round "8"]
[White "Fjellheim, Benjamin"]
[Black "Gressli, Kristoffer"]
[Result "1/2-1/2"]
[WhiteElo "1714"]
[BlackElo "1739"]
[PlyCount "136"]
[EventDate "2017.02.07"]
[EventType "swiss"]
[EventRounds "9"]
[EventCountry "NOR"]
[SourceTitle "EXT 2024"]
[Source "ChessBase"]
[SourceDate "2023.10.10"]
[SourceVersion "1"]
[SourceVersionDate "2023.10.10"]
[SourceQuality "1"]

1. c4 c5 2. g3 Nc6 3. Bg2 e5 4. Nf3 g6 5. Nc3 Bg7 6. 0-0 Nge7 7. d3 0-0 8. a3 d5 9. cxd5 Nxd5 10. Nxe5 Nxc3 11. Nxc6 Nxe2+ 12. Qxe2 bxc6 13. Bf4 Bf5 14. Rfd1 Qb6 15. Rac1 Rfe8 16. Qf3 Bd4 17. b4 Rac8 18. Bd6 cxb4 19. axb4 h5 20. h3 c5 21. Bxc5 Bxc5 22. bxc5 Rxc5 23. Rxc5 Qxc5 24. Qc6 Qxc6 25. Bxc6 Rd8 26. d4 Bxh3 27. d5 Bf5 28. Ra1 Be4 29. Rxa7 Bxd5 30. Bxd5 Rxd5 31. Kg2 Rb5 32. f4 Kg7 33. Rc7 Kf6 34. Ra7 Rb6 35. Ra4 Re6 36. Kf3 Rb6 37. Rc4 Rb3+ 38. Kf2 Kg7 39. Rc7 Rb5 40. Ra7 g5 41. fxg5 Rxg5 42. Rb7 Ra5 43. Rc7 Kg6 44. Rc4 Kg5 45. Rb4 Kg6 46. Rc4 Rg5 47. Kf3 Rf5+ 48. Kg2 Rd5 49. Ra4 Kg5 50. Rb4 f6 51. Ra4 Re5 52. Kf3 f5 53. Ra3 Re4 54. Rb3 h4 55. gxh4+ Rxh4 56. Rb2 Rf4+ 57. Kg2 Ra4 58. Rb3 Kf4 59. Kf2 Ra2+ 60. Kf1 Kg4 61. Rc3 f4 62. Rb3 f3 63. Rb8 Kg3 64. Rg8+ Kf4 65. Rf8+ Kg4 66. Rg8+ Kf4 67. Rf8+ Kg4 68. Rg8+ Kf4 1/2-1/2

[Event "Stjernen CC-ch A"]
[Site "Oslo"]
[Date "2017.03.28"]
[Round "6"]
[White "Andersen, Guttorm"]
[Black "Gressli, Kristoffer"]
[Result "0-1"]
[WhiteElo "1859"]
[BlackElo "1739"]
[PlyCount "92"]
[EventDate "2017.02.07"]
[EventType "swiss"]
[EventRounds "9"]
[EventCountry "NOR"]
[SourceTitle "EXT 2024"]
[Source "ChessBase"]
[SourceDate "2023.10.10"]
[SourceVersion "1"]
[SourceVersionDate "2023.10.10"]
[SourceQuality "1"]

1. d4 Nf6 2. c4 e5 3. dxe5 Ng4 4. Nf3 Bc5 5. e3 Nc6 6. a3 a5 7. Be2 0-0 8. 0-0 Ngxe5 9. Nxe5 Nxe5 10. Nc3 Re8 11. Qc2 Qh4 12. Qe4 Qxe4 13. Nxe4 Bf8 14. Ng5 Ra6 15. Bd2 Rg6 16. Nf3 Nxf3+ 17. Bxf3 b6 18. b4 axb4 19. axb4 c6 20. Ra7 Rd6 21. Rd1 Rd3 22. Be2 Rb3 23. b5 cxb5 24. cxb5 d5 25. Raa1 Be6 26. Rab1 Rxb1 27. Rxb1 Ra8 28. g4 Bc5 29. Bf3 Ra4 30. h3 h5 31. gxh5 Rh4 32. Kg2 Rxh3 33. Bxd5 Rxh5 34. Bxe6 fxe6 35. e4 Bd4 36. Kg3 Rc5 37. Kf3 Kf7 38. Ke2 g5 39. f3 Kf6 40. Kd3 e5 41. Bb4 Rc8 42. Ba3 Rc3+ 43. Kd2 Rxa3 44. Rc1 Be3+ 45. Kd1 Bxc1 46. Kxc1 Rxf3 0-1

[Event "NOR-ch Class2"]
[Site "Oslo"]
[Date "2015.07.09"]
[Round "7"]
[White "Kristoffersen, Arne Skodvin"]
[Black "Gressli, Kristoffer"]
[Result "1/2-1/2"]
[WhiteElo "1644"]
[BlackElo "1577"]
[PlyCount "87"]
[EventDate "2015.07.04"]
[EventType "swiss"]
[EventRounds "9"]
[EventCountry "NOR"]
[SourceTitle "EXT 2017"]
[Source "ChessBase"]
[SourceDate "2016.10.25"]
[SourceVersion "1"]
[SourceVersionDate "2016.10.25"]
[SourceQuality "1"]

1. d4 e6 2. c4 f5 3. g3 Nf6 4. Bg2 Be7 5. Nf3 d6 6. 0-0 0-0 7. b3 Qe8 8. Bb2 Ne4 9. Nbd2 Nd7 10. e3 Bf6 11. Ne1 Nxd2 12. Qxd2 e5 13. Nc2 Qg6 14. Nb4 c6 15. Nd3 h5 16. b4 Nb6 17. Rac1 e4 18. Nf4 Qf7 19. Qe2 d5 20. cxd5 Nxd5 21. a3 Nxf4 22. gxf4 Be6 23. f3 Rfe8 24. fxe4 fxe4 25. f5 Bd5 26. Kh1 b5 27. Rg1 a5 28. Bc3 axb4 29. Bxb4 Be7 30. Bh3 Bxb4 31. axb4 Ra2 32. Rc2 Bc4 33. Qg2 Rxc2 34. Qxc2 Ra8 35. Qg2 Ra2 36. Qg5 Rf2 37. Ra1 Be2 38. Ra8+ Kh7 39. Qd8 Rxf5 40. Qh8+ Kg6 41. Bxf5+ Qxf5 42. Qe8+ Kh7 43. Qh8+ Kg6 44. Qe8+ 1/2-1/2

[Event "NOR-ch Class2"]
[Site "Oslo"]
[Date "2015.07.04"]
[Round "6"]
[White "Gressli, Kristoffer"]
[Black "Andersen, Guttorm"]
[Result "1/2-1/2"]
[WhiteElo "1577"]
[BlackElo "1670"]
[PlyCount "112"]
[EventDate "2015.07.04"]
[EventType "swiss"]
[EventRounds "9"]
[EventCountry "NOR"]
[SourceTitle "EXT 2017"]
[Source "ChessBase"]
[SourceDate "2016.10.25"]
[SourceVersion "1"]
[SourceVersionDate "2016.10.25"]
[SourceQuality "1"]

1. f4 d6 2. Nf3 g6 3. e4 Bg4 4. h3 Bxf3 5. Qxf3 Bg7 6. Nc3 Qd7 7. Bc4 Nc6 8. e5 e6 9. exd6 cxd6 10. 0-0 Nge7 11. Ne2 Rc8 12. Bb5 a6 13. Ba4 b5 14. Bb3 d5 15. c3 Nf5 16. d4 Nd6 17. h4 h5 18. Ng3 Bf6 19. f5 gxf5 20. Bg5 Bxg5 21. hxg5 Qd8 22. Bxd5 exd5 23. Qxd5 Ne7 24. Qe5 Kd7 25. Rae1 Re8 26. Nxh5 Ng8 27. Qf4 Rxe1 28. Rxe1 Qf8 29. Re5 f6 30. Rd5 fxg5 31. Qxg5 Qf7 32. Nf4 Re8 33. Rc5 Re1+ 34. Kh2 Ne4 35. Qxf5+ Qxf5 36. Rxf5 Ngf6 37. Nd3 Re3 38. Nc5+ Nxc5 39. Rxf6 Ne6 40. Kg1 Re2 41. Rf2 Rxf2 42. Kxf2 Nf4 43. b3 Nd3+ 44. Ke3 Nc1 45. g4 Nxa2 46. Kd2 b4 47. c4 Nc3 48. Kd3 Nd1 49. c5 Nf2+ 50. Kc4 Nxg4 51. Kxb4 Ne3 52. Ka5 Kc6 53. Kxa6 Nc2 54. d5+ Kxc5 55. b4+ Nxb4+ 56. Ka5 Nxd5 1/2-1/2

[Event "NOR-ch Class2"]
[Site "Oslo"]
[Date "2015.07.04"]
[Round "1"]
[White "Stokhaug, Jon Arne"]
[Black "Gressli, Kristoffer"]
[Result "0-1"]
[WhiteElo "1745"]
[BlackElo "1577"]
[PlyCount "100"]
[EventDate "2015.07.04"]
[EventType "swiss"]
[EventRounds "9"]
[EventCountry "NOR"]
[SourceTitle "EXT 2017"]
[Source "ChessBase"]
[SourceDate "2016.10.25"]
[SourceVersion "1"]
[SourceVersionDate "2016.10.25"]
[SourceQuality "1"]

1. Nf3 f5 2. d4 Nf6 3. g3 e6 4. Bg2 Be7 5. c4 d6 6. 0-0 0-0 7. Nc3 a5 8. b3 Ne4 9. Bb2 Qe8 10. Qc2 Nxc3 11. Bxc3 Nc6 12. Rac1 Bf6 13. Qd2 a4 14. b4 Ne7 15. a3 Ng6 16. e3 c6 17. Rfd1 e5 18. d5 cxd5 19. Qxd5+ Be6 20. Qxd6 Rd8 21. Qb6 Qc6 22. Qxc6 bxc6 23. Bf1 f4 24. exf4 Rxd1 25. Rxd1 Bg4 26. Be2 e4 27. Nd4 Bxd4 28. Rxd4 Bxe2 29. Rxe4 Bd3 30. Rd4 Bc2 31. Rd7 Rf7 32. Rd6 Be4 33. Rd4 Bf5 34. Rd6 Rd7 35. Rxd7 Bxd7 36. Kg2 Be6 37. c5 Ne7 38. Kf3 Bd5+ 39. Ke3 Nf5+ 40. Kd3 Kf7 41. Be5 h5 42. h3 Bf3 43. Kc4 g6 44. b5 Be2+ 45. Kb4 Bxb5 46. g4 Ne7 47. gxh5 gxh5 48. h4 Nd5+ 49. Ka5 Ke6 50. Bd6 Kf5 0-1

[Event "Oslo Spring"]
[Site "Oslo"]
[Date "2015.04.07"]
[Round "7"]
[White "Farner, Geir"]
[Black "Gressli, Kristoffer"]
[Result "1-0"]
[WhiteElo "1533"]
[BlackElo "1577"]
[PlyCount "55"]
[EventDate "2015.01.05"]
[EventType "swiss"]
[EventRounds "11"]
[EventCountry "NOR"]
[SourceTitle "EXT 2024"]
[Source "ChessBase"]
[SourceDate "2023.10.10"]
[SourceVersion "1"]
[SourceVersionDate "2023.10.10"]
[SourceQuality "1"]

1. d4 f5 2. g3 e6 3. c4 Nf6 4. Bg2 Be7 5. Nf3 d6 6. 0-0 0-0 7. Nc3 Qe8 8. Bf4 Nbd7 9. Qc2 Nh5 10. Bd2 e5 11. e4 Nb6 12. b3 exd4 13. Nxd4 f4 14. Nf5 g6 15. Nxe7+ Qxe7 16. Qd3 Be6 17. Ne2 fxg3 18. hxg3 Nd7 19. f4 Bg4 20. Nc3 Nc5 21. Qe3 c6 22. Rae1 a5 23. Nd1 b6 24. Nf2 Qd7 25. Kh2 Nf6 26. Bc3 Rae8 27. Qd4 Nh5 28. Qh8+ 1-0

[Event "Oslo Spring"]
[Site "Oslo"]
[Date "2015.01.19"]
[Round "2"]
[White "Gressli, Kristoffer"]
[Black "Berg Olsen, Henrik Seljeset"]
[Result "1-0"]
[WhiteElo "1577"]
[BlackElo "1135"]
[PlyCount "97"]
[EventDate "2015.01.05"]
[EventType "swiss"]
[EventRounds "11"]
[EventCountry "NOR"]
[SourceTitle "EXT 2024"]
[Source "ChessBase"]
[SourceDate "2023.10.10"]
[SourceVersion "1"]
[SourceVersionDate "2023.10.10"]
[SourceQuality "1"]

1. e4 g6 2. d4 Bg7 3. Bc4 e6 4. Nf3 d6 5. Bg5 Ne7 6. Nc3 h6 7. Be3 b6 8. Bb5+ Nd7 9. Qd2 a6 10. Bd3 Bb7 11. a4 a5 12. Nb5 Nf6 13. Nc3 g5 14. h3 d5 15. e5 Nd7 16. g4 c5 17. Nb5 0-0 18. c3 f5 19. Bb1 Ba6 20. Nd6 Nc8 21. Nxc8 Rxc8 22. gxf5 exf5 23. Qc2 cxd4 24. Bxd4 Nxe5 25. Nxe5 Bxe5 26. Bxe5 Qe7 27. f4 Rc4 28. 0-0 Rxf4 29. Rxf4 gxf4 30. Qg2+ Kh7 31. Qxd5 Qg5+ 32. Qg2 Bb7 33. Qxg5 hxg5 34. Bd3 Be4 35. Rd1 Re8 36. Bd4 Bxd3 37. Rxd3 g4 38. hxg4 fxg4 39. Bxb6 f3 40. Bxa5 Kh6 41. Bb6 Kh5 42. Bf2 Kg5 43. Re3 Rd8 44. Re1 Kf4 45. b4 Rd2 46. Be3+ Kg3 47. Bxd2 f2+ 48. Kf1 fxe1Q+ 49. Bxe1+ 1-0